00409nam a2200157Ia 4500003000400000008004100004040001600045082001300061100002300074245004000097260004200137300001000179490002500189650001500214650002200229GCL140319s9999 xx 000 0 eng d aGCL / cGCL04a843bM M1 aDE MAUPASSANT, GUY10aMONT - ORIOL / cDE MAUPASSANT, GUY a[S.N] : bALBIN MICHEL, S.A ، c1992 a376 P aLE LIVRE DE POCHEv004aLITERATURE04aFRENCH LITERATURE